Tribal Studies in North East India (Record no. 14123)

MARC details
000 -LEADER
fixed length control field 00614nam a2200241 a 4500
020 ## - INTERNATIONAL STANDARD BOOK NUMBER
ISBN 8170993
082 00 - DEWEY DECIMAL CLASSIFICATION NUMBER
Classification number 306.0899145
Author Cutter SEN1
100 ## - MAIN ENTRY--AUTHOR NAME
Author name Sengupta, Sarthak
245 ## - TITLE STATEMENT
Title Tribal Studies in North East India
260 ## - PUBLICATION, DISTRIBUTION, ETC. (IMPRINT)
Place of publication Delhi
Name of publisher Mittal Publication
Year of publication 2002
300 ## - PHYSICAL DESCRIPTION
Number of Pages 240p
500 ## - GENERAL NOTE
General note includes index and biblioraphy
505 2# - FORMATTED CONTENTS NOTE
Formatted contents note Index
650 ## - SUBJECT ADDED ENTRY--TOPICAL TERM
Topical Term Tribes-India-North East
942 ## - ADDED ENTRY ELEMENTS (KOHA)
Koha item type Books
700 1# -
-- Sengupta, Sarthak
Holdings
Collection code Home library Current library Date acquired Cost, normal purchase price Full call number Accession Number Koha item type
  Henry Martyn Institute Library Henry Martyn Institute Library 04/02/2007 495.00 306.0899145 SEN1 021321 Books
                   Copyright © 2026 | Henry Martyn Institute | Hyderabad | TS-500052 | INDIA | Implemented by hmi.edu.in
Hit-Count:

Powered by Koha